000 00491nab a2200145Ia 4500
003 ES-SlBCS
005 20210601124327.0
008 140529s1997 xxu||||| |||| 00| 0 eng d
041 _aeng
100 1 _aNeiman, Alven M.
_9139681
245 0 0 _aPragmatism, Thomism, and the Metaphysics of Desire: Two Rival Versions of Liberal Education
_c Alven M. Neiman
650 0 4 _aEducación Liberal
_9139664
773 0 _tEducational Theory
_gvol. 47, nº. 1, 1997, págs. 91-117
_wRev1399
942 _cAR
999 _c513014
_d513014